000 01007cam a2200301 i 4500
001 2473
005 20231211113859.0
020 _a9780545289245
040 _aDLC
_cDLC
_dDLC
_beng
050 0 0 _aPZ7.K8369
_bTh
082 0 0 _a820
100 1 _aKorman, Gordon
245 1 0 _aThis can't be happening at Macdonald Hall! /
_cGordon Korman ; illustrated by Affie Mohammed
250 _aThis edition first printing, May 2011
260 _aNew York :
_bScholastic,
_c1978
300 _a124 pages :
_billustrations ;
_c20 cm
500 _a"INC 343."
505 _aM
520 _aAs they seem to be at the bottom of every prank at Macdonald Hall, the headmaster decides to separate roommates Bruno and Boots, but to little avail.
521 _a670
_bLexile
521 _aM
_bRaz-Plus
650 1 _aBoarding schools
_xFiction.
650 1 _aSchools
_xFiction.
650 1 _aHumorous stories.
650 1 _aChildren's writings.
906 _a7
_bcbc
_corignew
_d2
_encip
_f19
_gy-gencatlg
942 _2ddc
_cBK
_n0
999 _c2473
_d2473